000 00543nam a2200229Ia 4500
003 OSt
005 20220916111011.0
006 a|||||r|||| 00| 0
007 ta
008 220915b |||||||| |||| 00| 0 eng d
024 _a93733
037 _cTextbook
040 _beng
_aARTS
_cARTS
041 _aeng
082 _aU:6413CE:N3, 122G1
100 _aLens L J
245 0 _aElisabethville
260 _c1931
650 _aGEOGRAPHY
942 _hU:6413CE:N3, 122G1
_cTB
_2CC
999 _c102988
_d102988